Manual para Instructores Reanimación Cardiopulmonar Avanzada / (Registro nro. 283)
[ vista simple ]
| 000 -LEADER | |
|---|---|
| fixed length control field | 01293 am a2200301 a 4500 |
| 005 - FECHA ULTIMA MODIFICACION | |
| control field | 20240527110649.0 |
| 008 - CAMPO DE CONTROL (LIBRO) | |
| fixed length control field | 100429s1999||||xxud f |||| 001 0 spa d |
| 020 ## - INTERNATIONAL STANDARD BOOK NUMBER | |
| ISBN | 0874936373 |
| 041 ## - CODIGO DE IDIOMA | |
| Código de idioma del texto/pista de sonido o título separado | spa |
| 092 ## - SIGNATURA TOPOGRAFICA DEWEY LOCAL | |
| número de clasificación | 616.1 |
| libristica | 7 |
| sección | BIL |
| 100 1# - ENTRADA PRINCIPAL--NOMBRE PERSONAL | |
| Nombre personal | Billi, John E. |
| 9 (RLIN) | 608 |
| 245 ## - TITULO PROPIAMENTE DICHO | |
| Título | Manual para Instructores Reanimación Cardiopulmonar Avanzada / |
| Mención de responsabilidad y remanente de la transcripción de la portada | John E. Billi |
| 250 ## - MENCION DE EDICION | |
| Mención de edición | 1a ed. |
| Mención de responsabilidad relacionada con la ed. | Traducción Adriana Morando y Gabriela López |
| 260 ## - PIE DE IMPRENTA | |
| Lugar de publicación, distribución, etc | Texas [USA]: |
| Nombre de la editorial, distribuidor, etc | American Heart Association ; Fundación Interamericana del Corazón; |
| Fecha de publicación | 1999. |
| 300 ## - DESCRIPCION FISICA | |
| Extension | 500 p. |
| Otros detalles físicos | il. |
| 500 ## - NOTA GENERAL | |
| Nota general | Billi, J. E. y Cummins, R. O. (1999). Manual para Instructores Reanimación Cardiopulmonar Avanzada. (1a ed.). Texas : American Heart Association ; Fundación Interamericana del Corazón. |
| 653 ## - TÉRMINO INDIZADO - PALABRAS CLAVES | |
| Palabra clave | Introducción al entrenamiento en RCA |
| 653 ## - TÉRMINO INDIZADO - PALABRAS CLAVES | |
| Palabra clave | Entrenamiento del operador de RCA: revisión |
| 653 ## - TÉRMINO INDIZADO - PALABRAS CLAVES | |
| Palabra clave | Curso de operador de RCA: organización y diseño |
| 653 ## - TÉRMINO INDIZADO - PALABRAS CLAVES | |
| Palabra clave | Instructor para favorecer el aprendizaje |
| 653 ## - TÉRMINO INDIZADO - PALABRAS CLAVES | |
| Palabra clave | Evaluación en los cursos de operador de RCA |
| 653 ## - TÉRMINO INDIZADO - PALABRAS CLAVES | |
| Palabra clave | Materiales para cursos de operador e instructor en RCA |
| 653 ## - TÉRMINO INDIZADO - PALABRAS CLAVES | |
| Palabra clave | Enseñanza interactiva basada en casos |
| 653 ## - TÉRMINO INDIZADO - PALABRAS CLAVES | |
| Palabra clave | Casos de RCA |
| 700 1# - ENTRADAS SECUNDARIAS - NOMBRE PERSONAL | |
| Nombre personal | Cummins, Richard O. |
| 9 (RLIN) | 609 |
| 930 ## - NUMERO DE INVENTARIO | |
| Número de inventario | 2119 |
| 942 ## - ADDED ENTRY ELEMENTS (KOHA) | |
| Source of classification or shelving scheme | Dewey Decimal Classification |
| Item type | Libros |
| Estado de retiro | Existencia | Estado general | No para prestamo | Ubicación permanente | ubicación actual | Sala de ubicación | Fecha de adquisición | Total Checkouts | Número de clasificación | Código de barras | Date last seen | Date last borrowed | Número de ejemplar | Price effective from | Koha tipo de elemento (item) | Fuente de clasificación | Public note |
|---|---|---|---|---|---|---|---|---|---|---|---|---|---|---|---|---|---|
| Biblioteca Medicina | Biblioteca Medicina | Circulación | 13/05/2011 | 1 | 616.1 7 BIL | 2119 | 06/11/2014 | 18/10/2012 | ej.1 | 13/05/2011 | Libros | ||||||
| Biblioteca Medicina | Biblioteca Medicina | Circulación | 06/12/2012 | 616.1 73 REA | TR166 | 06/11/2014 | 06/12/2012 | Libros | Dewey Decimal Classification | Fotocopia |